000 01023nam a2200289 i 4500
001 77614
003 ES-MaACL
005 20250813110627.0
007 t|
008 041027s2004 sp aco |||| | spa d
020 _a84-95394-60-X
080 _a929 Rodríguez LLopis, Miguel
080 _a94(460.288)(082.2)
245 0 0 _aHomenaje a Miguel Rodríguez Llopis.
260 _aAlbacete :
_bInstituto de Estudios Albacetenses,
_c2004.
300 _a391 p. :
_bil. ;
_c32 cm.
490 1 _aSerie III. Congresos, seminarios, exposiciones y homenajes ;
_v8
600 1 4 _aRodríguez Llopis, Miguel-
_vHomenajes.
_998605
651 4 _aAlbacete (Provincia)-
_xHistoria.
_9153484
655 7 _2tgfbne
_9193628
_aCatálogos de exposiciones
700 1 _aRodríguez Llopis, Miguel,
_d1958-2002
_998604
710 2 _aInstituto de Estudios Albacetenses.
_94884
830 1 0 _aCongresos, seminarios, exposiciones y homenajes
_v8
_9183060
852 _aES-MaACL
_jL-28368
942 _2udc
999 _c77614
_d77614